Corporate law decisions : (Record no. 566052)
[ view plain ]
| 000 -LEADER | |
|---|---|
| fixed length control field | 01193cas a2200409 a 4500 |
| 001 - CONTROL NUMBER | |
| control field | 12980289 |
| 003 - CONTROL NUMBER IDENTIFIER | |
| control field | NUST |
| 005 - DATE AND TIME OF LATEST TRANSACTION | |
| control field | 20210505111845.0 |
| 008 - FIXED-LENGTH DATA ELEMENTS--GENERAL INFORMATION | |
| fixed length control field | 021024c20029999pk mr p w 0 0eng |
| 010 ## - LIBRARY OF CONGRESS CONTROL NUMBER | |
| LC control number | 2002343159 |
| 035 ## - SYSTEM CONTROL NUMBER | |
| System control number | (OCoLC)ocm50855385 |
| 038 ## - RECORD CONTENT LICENSOR | |
| Staff Name | Atta |
| 040 ## - CATALOGING SOURCE | |
| Original cataloging agency | DLC |
| Language of cataloging | eng |
| Transcribing agency | DLC |
| Modifying agency | OCLCQ |
| -- | OCLCF |
| -- | OCLCO |
| -- | OCLCA |
| 042 ## - AUTHENTICATION CODE | |
| Authentication code | pcc |
| 043 ## - GEOGRAPHIC AREA CODE | |
| Geographic area code | a-pk--- |
| 050 00 - LIBRARY OF CONGRESS CALL NUMBER | |
| Classification number | KPL954.A48 |
| Item number | C67 |
| 082 ## - DEWEY DECIMAL CLASSIFICATION NUMBER | |
| Classification number | Vol- |
| 245 00 - TITLE STATEMENT | |
| Title | Corporate law decisions : |
| Remainder of title | CLD. |
| 246 3# - VARYING FORM OF TITLE | |
| Title proper/short title | Law decisions |
| 246 17 - VARYING FORM OF TITLE | |
| Title proper/short title | Corporate law decisions journal |
| 246 30 - VARYING FORM OF TITLE | |
| Title proper/short title | CLD |
| 260 ## - PUBLICATION, DISTRIBUTION, ETC. | |
| Place of publication, distribution, etc. | Lahore : |
| Name of publisher, distributor, etc. | PLD Publishers, |
| Date of publication, distribution, etc. | 2002- |
| 300 ## - PHYSICAL DESCRIPTION | |
| Extent | v. ; |
| Dimensions | 26 cm. |
| 310 ## - CURRENT PUBLICATION FREQUENCY | |
| Current publication frequency | Monthly |
| 362 0# - DATES OF PUBLICATION AND/OR SEQUENTIAL DESIGNATION | |
| Dates of publication and/or sequential designation | Vol. 1, pt. 1 (Jan. 2002)- |
| 500 ## - GENERAL NOTE | |
| General note | Title from cover. |
| 563 ## - BINDING INFORMATION | |
| Binding note | PBK |
| 650 #0 - SUBJECT ADDED ENTRY--TOPICAL TERM | |
| Topical term or geographic name entry element | Corporation law |
| Geographic subdivision | Pakistan |
| Form subdivision | Cases. |
| 9 (RLIN) | 55112 |
| 650 #7 - SUBJECT ADDED ENTRY--TOPICAL TERM | |
| Topical term or geographic name entry element | Corporation law. |
| Source of heading or term | fast |
| Authority record control number or standard number | (OCoLC)fst00879728 |
| 9 (RLIN) | 55113 |
| 651 #7 - SUBJECT ADDED ENTRY--GEOGRAPHIC NAME | |
| Geographic name | Pakistan. |
| Source of heading or term | fast |
| Authority record control number or standard number | (OCoLC)fst01210275 |
| 655 #7 - INDEX TERM--GENRE/FORM | |
| Genre/form data or focus term | Trials, litigation, etc. |
| Source of term | fast |
| Authority record control number | (OCoLC)fst01423712 |
| 9 (RLIN) | 55114 |
| 710 2# - ADDED ENTRY--CORPORATE NAME | |
| Corporate name or jurisdiction name as entry element | P.L.D. Publishers. |
| 9 (RLIN) | 55115 |
| 906 ## - LOCAL DATA ELEMENT F, LDF (RLIN) | |
| a | 7 |
| b | cbc |
| c | serials |
| d | 3 |
| e | ncip |
| f | 20 |
| g | n-oclcserc |
| 942 ## - ADDED ENTRY ELEMENTS (KOHA) | |
| Source of classification or shelving scheme | |
| Koha item type | Continuing Resources |
| Withdrawn status | Lost status | Source of classification or shelving scheme | Damaged status | Not for loan | Permanent Location | Current Location | Shelving location | Date acquired | Total Checkouts | Full call number | Barcode | Date last seen | Price effective from | Koha item type |
|---|---|---|---|---|---|---|---|---|---|---|---|---|---|---|
| Central Library (CL) | Central Library (CL) | Reference | 05/05/2021 | Vol-XX, Part-4 Apr 2021 | S-99487 | 05/05/2021 | 05/05/2021 | Continuing Resources | ||||||
| Central Library (CL) | Central Library (CL) | Reference | 05/26/2021 | Vol-XX, Part-3 Mar 2021 | S-99539 | 05/26/2021 | 05/26/2021 | Continuing Resources | ||||||
| Central Library (CL) | Central Library (CL) | Reference | 05/26/2021 | Vol-XX, Part-2 Feb 2021 | S-99527 | 05/26/2021 | 05/26/2021 | Continuing Resources | ||||||
| Central Library (CL) | Central Library (CL) | Reference | 05/26/2021 | Vol-XX, Part-1 Jan 2021 | S-99524 | 05/26/2021 | 05/26/2021 | Continuing Resources | ||||||
| Central Library (CL) | Central Library (CL) | Reference | 06/14/2021 | Vol-XX, Part-5 May 2021 | S-3273 | 06/14/2021 | 06/14/2021 | Continuing Resources | ||||||
| Central Library (CL) | Central Library (CL) | 07/05/2021 | Vol-XX, Part-6 Jun 2021 | S-3338 | 07/05/2021 | 07/05/2021 | Continuing Resources | |||||||
| Central Library (CL) | Central Library (CL) | Reference | 09/06/2021 | Vol-XX, Part-8 Aug 2021 | S-3481 | 09/06/2021 | 09/06/2021 | Continuing Resources | ||||||
| Central Library (CL) | Central Library (CL) | Reference | 09/06/2021 | Vol-XX, Part-7 Jul 2021 | S-3408 | 09/06/2021 | 09/06/2021 | Continuing Resources | ||||||
| Central Library (CL) | Central Library (CL) | Reference | 10/06/2021 | Vol-XX, Part-9 Sep 2021 | S-3550 | 10/06/2021 | 10/06/2021 | Continuing Resources | ||||||
| Central Library (CL) | Central Library (CL) | Reference | 11/10/2021 | Vol-XX, Part-10 Oct 2021 | S-3645 | 11/10/2021 | 11/10/2021 | Continuing Resources | ||||||
| Central Library (CL) | Central Library (CL) | Reference | 12/15/2021 | Vol-XX, Part-11 Nov 2021 | S-3739 | 12/15/2021 | 12/15/2021 | Continuing Resources | ||||||
| Central Library (CL) | Central Library (CL) | Reference | 01/12/2022 | Vol-XX, Part-12 Dec 2021 | S-3780 | 01/12/2022 | 01/12/2022 | Continuing Resources |
